| 000 | 00476cam a2200205 4500 | ||
|---|---|---|---|
| 001 | D1392 | ||
| 008 | 090401t1917 xxu||||| |||| 00| 0 eng d | ||
| 035 | _a(Sirsi) u63783 | ||
| 041 | _aeng | ||
| 050 | _a526.3 | ||
| 100 | _aBenoit, J Rene | ||
| 245 | _aLa mesure rapide des bases geodesiques | ||
| 250 | _a5th | ||
| 260 |
_aParis _bGauthier-Villars _c1917 |
||
| 300 | _a285p. ill. 23cm | ||
| 350 | _a0 | ||
| 700 | _aGuillaume, Ed | ||
| 942 | _n0 | ||
| 948 | _c04/03/1997 | ||
| 999 |
_c94605 _d94605 |
||